• 首页
  • 本馆介绍
  • 公告通知
  • 最新文献
  • 馆藏检索
  • 电子资源
  • 读者导购
  • 参考咨询
  • 我的图书馆
  • 登录
  • 详细信息显示
  • 放入我的书架
  • 预约/预借图书
  • 作者相关作品
  • 分类相关作品
  • 丛书相关作品
  • 出版社相关作品

书目信息

  • 表格格式
  • 工作单格式
  • 卡片格式
题名:
“一带一路”战略:互联互通、共同发展
    
 
作者: 李平 , 刘强 著
分册:  
出版信息: 北京   中国社会科学出版社  2015
页数: 107页
开本: 26cm
丛书名:
单 册:
中图分类: F206
科图分类:
主题词: 能源--Neng Yuan--基础设施建设--亚太地区--研究报告 , 亚太经济--Ya Tai Jing Ji--能源经济--区域经济一体化--研究报告
电子资源:
ISBN: 978-7-5161-6923-0
000 01581nam0 22002891 450
001 0101082529
005 20161201110053.06
010    @a978-7-5161-6923-0@dCNY29.00
100    @a20151031d2015 em y0chiy50 ea
101 0  @achi@aeng
102    @aCN@b110000
105    @aab z 000yy
106    @ar
200 1  @a“一带一路”战略:互联互通、共同发展@AYi Dai Yi Lu Zhan Lue Hu Lian Hu Tong Gong Tong Fa Zhan@e能源基础设施建设与亚太区域能源市场一体化@dOne Belt, One Road: connectivity and common development@eenergy infrastructure development and energy market integration in Asia-Pacific region@f李平,刘强等著@zeng
210    @a北京@c中国社会科学出版社@d2015
215    @a107页@c图,地图@d26cm
300    @a国家智库报告 2015(12)
330    @a"一带一路"战略构想为世界经济发展提供了新的机遇。推动区域能源市场一体化是推进区域融合发展的重要抓手。本书分四部分:“一带一路”战略为世界经济发展提供新的机遇、推动区域能源市场一体化、重点项目建议、保障措施。
510 1  @aOne Belt, One Road: connectivity and common development@eenergy infrastructure development and energy market integration in Asia-Pacific region@zeng
517 1  @a能源基础设施建设与亚太区域能源市场一体化@ANeng Yuan Ji Chu She Shi Jian She Yu Ya Tai Qu Yu Neng Yuan Shi Chang Yi Ti Hua
606 0  @a能源@ANeng Yuan@x基础设施建设@y亚太地区@x研究报告
606 0  @a亚太经济@AYa Tai Jing Ji@x能源经济@x区域经济一体化@x研究报告
690    @aF206@v5
701  0 @a李平@ALi Ping@c(经济研究)@4著
701  0 @a刘强@ALiu Qiang@c(经济研究)@4著
801  0 @aCN@bTANGWEI@c20161128
905    @b0952252-6@dF206@e92@f5
    
    “一带一路”战略:互联互通、共同发展:能源基础设施建设与亚太区域能源市场一体化=One Belt, One Road: connectivity and common development:energy infrastructure development and energy market integration in Asia-Pacific region/李平,刘强等著.-北京:中国社会科学出版社,2015
    107页:图,地图;26cm
    国家智库报告 2015(12)
    
    ISBN 978-7-5161-6923-0:CNY29.00
    "一带一路"战略构想为世界经济发展提供了新的机遇。推动区域能源市场一体化是推进区域融合发展的重要抓手。本书分四部分:“一带一路”战略为世界经济发展提供新的机遇、推动区域能源市场一体化、重点项目建议、保障措施。
●
相关链接 在E读中查询图书 在五车中查询图书 在当当中查询图书 在豆瓣中查询图书


正题名:"一带一路"战略:互联互通、共同发展     索取号:F206/92         预约/预借

序号 登录号 条形码 馆藏地/架位号 状态 备注
1 0952252   209522523   第一样本阅览室/ [索取号:F206/92] 在馆    
2 0952253   209522532   密集书库-海洋学院/ [索取号:F206/92] 在馆    
3 0952254   209522541   第一借阅区/ [索取号:F206/92] 已借出,限还日期为2026.09.11
借出人:唐杰  
 
4 0952255   209522550   第一借阅区/ [索取号:F206/92] 在馆    
5 0952256   209522569   第一借阅区/ [索取号:F206/92] 在馆    
唐山师范学院图书馆 欢迎您!
大连网信软件有限公司© 版权所有